Państwa odwiedzone przez Queen podczas koncertów - Statystyki

Ogólne statystyki
  • Ten quiz został rozwiązany 35 razy
  • Średni wynik to 21 z 29
Statystyki odpowiedzi
Państwo Pierwszy koncert % Poprawnych
Francja 1978
94%
Kanada 1975
94%
Niemcy 1973
94%
Stany Zjednoczone 1974
94%
Wielka Brytania 1970
94%
Brazylia 1981
91%
Włochy 1984
91%
Argentyna 1981
88%
Hiszpania 1974
88%
Japonia 1975
88%
Meksyk 1981
88%
Rosja 2004
88%
Australia 1974
78%
Norwegia 1982
78%
Szwecja 1974
78%
Belgia 1973
75%
Holandia 1974
75%
Irlandia 1979
75%
Szwajcaria 1977
75%
Austria 1978
72%
Dania 1977
72%
Finlandia 1974
63%
Węgry 1986
63%
Nowa Zelandia 1985
59%
Południowa Afryka 1984
50%
Luksemburg 1973
44%
Chorwacja 1979
41%
Słowenia 1979
38%
Wenezuela 1981
25%
Nie znaleziono quizów pasujących do podanych kryteriów
Rozkład punktacji
Procent ludzi z każdym wynikiem
Percentyl według liczby udzielonych odpowiedzi
Twoja historia wyników
Nie rozwiązałeś tego quizu